| 000 | 00975cam a2200253 i 4500 | ||
|---|---|---|---|
| 001 | 2206441 | ||
| 005 | 20160811093703.0 | ||
| 008 | 741122r19751937mauc b 001 0 eng | ||
| 010 | _a 74030151 | ||
| 020 | _a0395204305 | ||
| 040 |
_aDLC _cDLC _dDLC |
||
| 050 | 0 | 0 |
_aPS3042.H3 1975 _b.H3 1975 |
| 100 | 1 |
_aThoreau, Henry David, _d1817-1862. |
|
| 240 | 1 | 0 |
_aWorks. _kSelections. _f1975 |
| 245 | 1 | 4 |
_aThe selected works of Thoreau / _crev. and with a new introd. by Walter Harding. |
| 250 | _aCambridge ed. | ||
| 260 |
_aBoston : _bHoughton Mifflin, _c1975. |
||
| 300 |
_axxvii, 851 p. : _bport. ; _c24 cm. |
||
| 500 | _aTexts from Thoreau in the present edition are those originally published in 1937 in Works, selected and edited by H. S. Canby. | ||
| 504 | _aIncludes bibliographical references and index. | ||
| 700 | 1 |
_aHarding, Walter Roy, _d1917- _eed. |
|
| 906 |
_a7 _bcbc _corignew _d1 _eocip _f19 _gy-gencatlg |
||
| 942 |
_2lcc _cBOOKS _hPS3042.H3 1975 |
||
| 999 |
_c13428 _d13428 |
||